El escribano Peña y un Ministro de Marina / (Record no. 114813)

MARC details
000 -LEADER
campo de control de longitud fija 00726nam a2200205 i 4500
001 - NÚMERO DE CONTROL
campo de control 114813
003 - IDENTIFICADOR DE NÚMERO DE CONTROL
campo de control ES-MaACL
005 - FECHA Y HORA DE LA ÚLTIMA TRANSACCIÓN
campo de control 20250930063116.0
007 - CAMPO FIJO DE DESCRIPCIÓN FÍSICA--INFORMACIÓN GENERAL
campo de control de longitud fija t|
008 - DATOS DE LONGITUD FIJA--INFORMACIÓN GENERAL
campo de control de longitud fija 070330s1907 sp ||||1| spa d
100 1# - ENTRADA PRINCIPAL--NOMBRE DE PERSONA
Nombre de persona Ortiz del Barco, Juan,
Fechas asociadas al nombre 1859-1914
9 (RLIN) 87611
245 13 - MENCIÓN DEL TÍTULO
Título El escribano Peña y un Ministro de Marina /
Mención de responsabilidad, etc. Juan Ortiz del Barco [seud.].
260 ## - PUBLICACIÓN, DISTRIBUCIÓN, ETC.
Lugar de publicación, distribución, etc. San Fernando :
Nombre del editor, distribuidor, etc. [s.n.],
Fecha de publicación, distribución, etc. 1907.
300 ## - DESCRIPCIÓN FÍSICA
Extensión 62 p. :
Otras características físicas retr. ;
Dimensiones 23 cm.
490 1# - MENCIÓN DE SERIE
Mención de serie Crónicas motrileñas
500 ## - NOTA GENERAL
Nota general En port.:"esta crónica la imprimió mi hijo Antonio... bajo la dirección de... D. Salvador Jiménez de Castro"
830 0# - PUNTO DE ACCESO ADICIONAL DE SERIE-TÍTULO UNIFORME
Título uniforme Crónicas motrileñas
9 (RLIN) 185782
852 ## - LOCALIZACIÓN
Ubicación ES-MaACL
Número de control de estantería T-1159-F-3
Holdings
Estatus retirado Estado de pérdida Estado de daño No para préstamo Colección Biblioteca de origen Biblioteca actual Ubicación en estantería Fecha de adquisición Fuente de adquisición Total de préstamos Signatura topográfica completa Código de barras Visto por última vez Precio de reemplazo Tipo de ítem Koha
        Colección de folletos Biblioteca del Ateneo de Madrid Biblioteca del Ateneo de Madrid Depósito folletos 17/01/2008     T-1159-F-3 1119728 23/02/2023 23/02/2023 Folleto